Introduction to social work and social welfare : Empowering people
The twelfth edition includes comprehensive Council on Social Work Education (CSWE) core content that aligns with the latest Educational Policy and Accreditation Standards (EPAS), as well as insightful coverage of new and emerging issues, making it the number one book for social work students.
Enregistré dans:
| Auteur principal: | |
|---|---|
| Format: | Livre |
| Langue: | Undetermined |
| Publié: |
Boston, MA :
Cengage Learning,
2017
|
| Sujets: | |
| Tags: |
Ajouter un tag
Pas de tags, Soyez le premier à ajouter un tag!
|
| Thư viện lưu trữ: | Trung tâm Học liệu Trường Đại học Cần Thơ |
|---|
| LEADER | 01125nam a2200241Ia 4500 | ||
|---|---|---|---|
| 001 | CTU_237518 | ||
| 008 | 210402s9999 xx 000 0 und d | ||
| 082 | |a 361.973 | ||
| 082 | |b Z38 | ||
| 100 | |a Zastrow, Charles | ||
| 245 | 0 | |a Introduction to social work and social welfare : | |
| 245 | 0 | |b Empowering people | |
| 245 | 0 | |c Charles Zastrow. | |
| 260 | |a Boston, MA : | ||
| 260 | |b Cengage Learning, | ||
| 260 | |c 2017 | ||
| 520 | |a The twelfth edition includes comprehensive Council on Social Work Education (CSWE) core content that aligns with the latest Educational Policy and Accreditation Standards (EPAS), as well as insightful coverage of new and emerging issues, making it the number one book for social work students. | ||
| 526 | |a Công tác xã hội,Thực hành công tác xã hội | ||
| 526 | |b XN113,XN225 | ||
| 650 | |a Trung tâm Học liệu ĐHCT,Phúc lợi công cộng,Public welfare,Dịch vụ xã hội,Social service | ||
| 650 | |z Hoa Kỳ,United States.,Hoa Kỳ,United States. | ||
| 910 | |a Tuyến | ||
| 980 | |a Trung tâm Học liệu Trường Đại học Cần Thơ | ||